00600nam a2200157 a 450000100100000000500170001000800410002704000250006811101200009324500210021326000570023430000200029104900090031195201050032099900170042500003165820200930063102.0110629s1999 dr 000 0 spa d aDO-SdBNPbspacBNPHU2 aSeminario-Taller Propositivo sobre la Violencia en la República Dominicanad(1999:cSanto Domingon7 abr.)95795510aRecomendaciones. aSanto Domingo :bCasa Nacional del Diálogo,c1999. a40 p. ;c22 cm. aBNPD 0010718PDaPDbPDcCTd2011-06-29iLF1l0o p31658-10r2020-06-25w2020-06-25yLFPDZNo se presta c31150d31150